Normal view
MARC view
- Williams Cootie
Entry Personal Name
001 - CONTROL NUMBER
- control field: 21821
003 - CONTROL NUMBER IDENTIFIER
- control field: IT-RoPau
005 - DATE AND TIME OF LATEST TRANSACTION
- control field: 20140423214255.0
008 - FIXED-LENGTH DATA ELEMENTS
- fixed length control field: 140423|| aca||aabn | a|a d
040 ## - CATALOGING SOURCE
- Original cataloging agency: IT-RoPau
- Transcribing agency: IT-RoPau
100 ## - HEADING--PERSONAL NAME
- Personal name: Williams Cootie
- Miscellaneous information: Codice autore musica SPICS: 13053
- Relator term: Autore musica
- Name of part/section of a work: Royal Gardner Blues
670 ## - SOURCE DATA FOUND
- Source citation: Work cat.: (IT-RoPau)100941: AA.VV. 794, Jazz. Gli uomini, gli strumenti, gli stili 71